Betty Greene : (Record no. 10433)
[ view plain ]
| 000 -LEADER | |
|---|---|
| fixed length control field | 01430cam a2200349Ia 4500 |
| 001 - CONTROL NUMBER | |
| control field | 43355272 |
| 003 - CONTROL NUMBER IDENTIFIER | |
| control field | OCoLC |
| 005 - DATE AND TIME OF LATEST TRANSACTION | |
| control field | 20241126110732.0 |
| 008 - FIXED-LENGTH DATA ELEMENTS--GENERAL INFORMATION | |
| fixed length control field | 000127s1999 waub c b 000 0beng d |
| 020 ## - INTERNATIONAL STANDARD BOOK NUMBER | |
| International Standard Book Number | 1576581527 |
| Qualifying information | (pbk.) |
| 020 ## - INTERNATIONAL STANDARD BOOK NUMBER | |
| International Standard Book Number | 9781576581520 |
| Qualifying information | (pbk.) |
| 035 ## - SYSTEM CONTROL NUMBER | |
| System control number | (OCoLC)43355272 |
| 040 ## - CATALOGING SOURCE | |
| Original cataloging agency | SBI |
| Language of cataloging | eng |
| Transcribing agency | SBI |
| Modifying agency | DPL |
| -- | BAKER |
| -- | BTCTA |
| -- | OCLCG |
| -- | HNW |
| -- | DTM |
| -- | AHS |
| -- | OCLCO |
| -- | OCLCF |
| -- | OCLCQ |
| -- | OCLCO |
| -- | OCLCA |
| -- | JDP |
| -- | KI2 |
| -- | OCLCO |
| -- | OCL |
| -- | OCLCA |
| -- | OCLCQ |
| -- | OCLCO |
| -- | FHP |
| 082 ## - DEWEY DECIMAL CLASSIFICATION NUMBER | |
| Classification number | 266.0092 |
| Item number | BEN |
| 092 ## - LOCALLY ASSIGNED DEWEY CALL NUMBER (OCLC) | |
| Classification number | BIO GREEN |
| 100 1# - MAIN ENTRY--PERSONAL NAME | |
| Personal name | Benge, Janet, |
| Dates associated with a name | 1958- |
| 9 (RLIN) | 17368 |
| 245 10 - TITLE STATEMENT | |
| Title | Betty Greene : |
| Remainder of title | wings to serve / |
| Statement of responsibility, etc. | Janet & Geoff Benge |
| 260 ## - PUBLICATION, DISTRIBUTION, ETC. | |
| Place of publication, distribution, etc. | Seattle, WA : |
| Name of publisher, distributor, etc. | YWAM Pub., |
| Date of publication, distribution, etc. | ℗♭1999 |
| 300 ## - PHYSICAL DESCRIPTION | |
| Extent | 193 pages : |
| Other physical details | 1 map ; |
| Dimensions | 21 cm |
| 490 1# - SERIES STATEMENT | |
| Series statement | Christian heroes, then & now |
| 504 ## - BIBLIOGRAPHY, ETC. NOTE | |
| Bibliography, etc. note | Includes bibliographical references |
| 520 ## - SUMMARY, ETC. | |
| Summary, etc. | A young World War II WASP pilot, Betty Greene helped to create the Mission Aviation Fellowship that today is a global ministry, operating over eighty aircraft in nineteen countries |
| 521 0# - TARGET AUDIENCE NOTE | |
| Target audience note | 6.2 |
| 600 10 - SUBJECT ADDED ENTRY--PERSONAL NAME | |
| Personal name | Greene, Betty, |
| Dates associated with a name | 1920-1997 |
| Form subdivision | Juvenile literature |
| 9 (RLIN) | 18134 |
| 610 20 - SUBJECT ADDED ENTRY--CORPORATE NAME | |
| Corporate name or jurisdiction name as entry element | Mission Aviation Fellowship |
| 9 (RLIN) | 18135 |
| 650 #0 - SUBJECT ADDED ENTRY--TOPICAL TERM | |
| Topical term or geographic name entry element | Women air pilots |
| Form subdivision | Biography |
| -- | Juvenile literature |
| 9 (RLIN) | 18136 |
| 650 #0 - SUBJECT ADDED ENTRY--TOPICAL TERM | |
| Topical term or geographic name entry element | Missionaries |
| Form subdivision | Biography |
| -- | Juvenile literature |
| 9 (RLIN) | 18137 |
| 655 #0 - INDEX TERM--GENRE/FORM | |
| Genre/form data or focus term | Biography |
| 9 (RLIN) | 5066 |
| 700 1# - ADDED ENTRY--PERSONAL NAME | |
| Personal name | Benge, Geoff, |
| Dates associated with a name | 1954- |
| 9 (RLIN) | 17373 |
| 830 #0 - | |
| -- | Christian heroes, then & now |
| -- | 17374 |
| 942 ## - ADDED ENTRY ELEMENTS (KOHA) | |
| Source of classification or shelving scheme | Dewey Decimal Classification |
| Koha item type | Books |
| Withdrawn status | Lost status | Source of classification or shelving scheme | Damaged status | Not for loan | Home library | Current Library | Shelving location | Date acquired | Total checkouts | Full call number | Barcode | Date last seen | Date last checked out | Copy number | Price effective from | Koha item type |
|---|---|---|---|---|---|---|---|---|---|---|---|---|---|---|---|---|
| Dewey Decimal Classification | GRACE BIBLE COLLEGE | GRACE BIBLE COLLEGE | Ministry & Mission | 2024-07-18 | 1 | 266.0092 BEN | 016954 | 2026-03-02 | 2026-02-27 | c.1 | 2024-07-18 | Books |